000 00665nam a2200241Ia 4500
003 OSt
005 20221007072212.0
006 a|||||r|||| 00| 0
007 ta
008 221006b |||||||| |||| 00| 0 eng d
024 _a43,093
037 _cTextual
040 _aFLL
_cFLL
_beng
041 _2eng
_aeng
082 _aY15:45:(Z1), Q4
100 _aBarberet R.
_9690242
245 0 _aWomen, crime and criminal justice
_b a global enquiry
250 _a1st
260 _aLondon
_bRoutledge Taylor Francis Group UK
_c2014
300 _a11,231p
_ccm.
942 _hY15:45:(Z1), Q4
_cTEXL
_2CC
999 _c1145420
_d1145420